[Event "Barcelona Sant Marti op 04th"]
[Site "Barcelona"]
[Date "2002.05.18"]
[Round "7.23"]
[White "Penalver Guardia, Josep"]
[Black "Sanjoaquin Rodriguez, Mercedes"]
[Result "0-1"]
[WhiteElo "1925"]
[BlackElo "1790"]
[PlyCount "76"]
[EventDate "2002.04.06"]
[EventType "swiss"]
[EventRounds "9"]
[EventCountry "ESP"]
[SourceTitle "EXT 2003"]
[Source "ChessBase"]
[SourceDate "2002.11.25"]
[SourceVersion "1"]
[SourceVersionDate "2002.11.25"]
[SourceQuality "1"]

1. d4 d5 2. c4 e6 3. Nc3 Bb4 4. e3 f5 5. Qc2 Nf6 6. a3 Bxc3+ 7. bxc3 0-0 8. Nf3 b6 9. a4 Ne4 10. Bd3 Ba6 11. Ba3 c5 12. 0-0 Bxc4 13. Bxc4 dxc4 14. Rfd1 Qf6 15. Ne5 Rd8 16. Nxc4 Nc6 17. Nd2 Nxd2 18. Rxd2 cxd4 19. cxd4 Rac8 20. Qd1 f4 21. Rc1 a5 22. h3 Rd5 23. Bb2 Qg5 24. e4 Rd7 25. d5 exd5 26. exd5 Na7 27. Rxc8+ Nxc8 28. Qe2 Re7 29. Qf3 Nd6 30. Rc2 Nf5 31. Qg4 Qxg4 32. hxg4 Nd6 33. Rc6 Re1+ 34. Kh2 Ne4 35. Rxb6 Nxf2 36. Rb8+ Kf7 37. Rb7+ Ke8 38. Rxg7 Rh1# 0-1

[Event "Barcelona Sant Marti op 04th"]
[Site "Barcelona"]
[Date "2002.04.20"]
[Round "3.31"]
[White "Sanjoaquin Rodriguez, Mercedes"]
[Black "Puig Monserrat, Jordi"]
[Result "0-1"]
[WhiteElo "1790"]
[BlackElo "1880"]
[PlyCount "94"]
[EventDate "2002.04.06"]
[EventType "swiss"]
[EventRounds "9"]
[EventCountry "ESP"]
[SourceTitle "EXT 2003"]
[Source "ChessBase"]
[SourceDate "2002.11.25"]
[SourceVersion "1"]
[SourceVersionDate "2002.11.25"]
[SourceQuality "1"]

1. d4 Nf6 2. c4 g6 3. Nf3 Bg7 4. g3 d6 5. Bg2 0-0 6. 0-0 c6 7. Nc3 Na6 8. a3 Bg4 9. b4 Nc7 10. Re1 d5 11. Ne5 dxc4 12. Nxc4 Ncd5 13. Nxd5 Nxd5 14. Qd3 Nb6 15. Ne5 Bf5 16. Qb3 Be6 17. Qb2 Qc7 18. Bf4 g5 19. Bd2 Rad8 20. Bc3 f6 21. Nd3 Na4 22. Qc1 Nxc3 23. Qxc3 f5 24. Ne5 f4 25. Rad1 Bd5 26. Bh3 e6 27. e4 fxe3 28. Qxe3 h6 29. Rc1 Rf6 30. b5 Qd6 31. bxc6 bxc6 32. Rb1 Rdf8 33. Re2 a5 34. Rb7 Rf3 35. Nxf3 Rxf3 36. Bxe6+ Kh8 37. Qd2 Bxe6 38. Qxa5 Bd5 39. Qa8+ Rf8 40. Re8 Rg8 41. Rxg8+ Bxg8 42. Rb8 Qd5 43. Rc8 Bxd4 44. Rxc6 Kh7 45. Qb7+ Bg7 46. Qb6 Qd1+ 47. Kg2 Bd5+ 0-1